|
|
|
|
| LEADER |
00000cam a2200000 7i4500 |
| 001 |
0000003523 |
| 002 |
000003793 |
| 005 |
20000330.0 |
| 020 |
|
|
|a 9836235299
|
| 090 |
0 |
0 |
|a J 297
|b ABA
|
| 100 |
0 |
|
|a Ab. Aziz Mohd. Zin
|
| 245 |
1 |
0 |
|a Agama Islam
|c Ab.Aziz Mohd. Zin dan Anisah Ab. Ghani ; illustrasi oleh Mohd. Rosli Husin
|
| 260 |
|
|
|a Kuala Lumpur :
|b DBP ,
|c 1994
|
| 300 |
|
|
|a 13p. :
|b ill. ;
|c 24cm.
|
| 490 |
0 |
|
|a Siri pengenalan Islam buku 1
|
| 650 |
0 |
0 |
|a Islam
|x Juvenile literature
|
| 700 |
1 |
|
|a Mohd. Rosli Husin ,
|e illustrasi
|
| 999 |
|
|
|a 036992
|b BUKU
|c PINJAMAN
|e PERPUSTAKAAN KOMUNITI PETALING JAYA
|